Guatemala: la nueva estrategia de dominación /

Se alude a la nueva estrategia de dominación norteamericana en Guatemala donde la función central de las fuerzas armadas es lograr la estabilidad para garantizar la supervivencia del Estado, aunque el modelo político no sea el más adecuado. SM/EL

Sábháilte in:
Sonraí bibleagrafaíochta
Príomhchruthaitheoir: Marín, Raúl
Formáid: Téacs
Ábhair:
Clibeanna: Cuir clib leis
Níl clibeanna ann, Bí ar an gcéad duine le clib a chur leis an taifead seo!

MARC

LEADER 00000 a a2200000 04500
001 12093
003
040
100 |a Marín, Raúl  
245 |a Guatemala:   |b la nueva estrategia de dominación /  |c Raúl Marín 
520 |a Se alude a la nueva estrategia de dominación norteamericana en Guatemala donde la función central de las fuerzas armadas es lograr la estabilidad para garantizar la supervivencia del Estado, aunque el modelo político no sea el más adecuado. SM/EL  
650 |a INTERVENCION EXTRANJERA  
650 |a FUERZAS ARMADAS  
650 |a ESTABILIDAD POLITICA  
650 |a MILITARISMO  
650 |a DEMOCRACIA  
650 |a DESARROLLO ECONOMICO Y SOCIAL  
773 |g número 46; páginas 13-18  
999 |c 38640  |d 38640